[Event "Brasschaat op 04th"]
[Site "Brasschaat"]
[Date "2004.08.26"]
[Round "6"]
[White "Todts, Benny"]
[Black "Verbert, John"]
[Result "1-0"]
[WhiteElo "2037"]
[BlackElo "1781"]
[PlyCount "79"]
[EventDate "2004.08.21"]
[EventType "swiss"]
[EventRounds "9"]
[EventCountry "BEL"]
[SourceTitle "EXT 2017"]
[Source "ChessBase"]
[SourceDate "2016.10.25"]
[SourceVersion "1"]
[SourceVersionDate "2016.10.25"]
[SourceQuality "1"]

1. e4 Nf6 2. Nc3 d6 3. d4 Nbd7 4. f4 c6 5. a4 Qc7 6. Bc4 a6 7. Nf3 h6 8. Qe2 e5 9. 0-0 Be7 10. Kh1 0-0 11. Bb3 b6 12. Be3 Ng4 13. Bd2 a5 14. Bc4 Nb8 15. dxe5 dxe5 16. h3 Nf6 17. Nxe5 Bb4 18. Rad1 Na6 19. Nd3 Be6 20. Bxe6 fxe6 21. e5 Bxc3 22. exf6 Bxf6 23. Qxe6+ Kh8 24. Ne5 Bxe5 25. fxe5 Rfe8 26. Qg6 Re7 27. Bc3 Nc5 28. Rf4 Rae8 29. Rdf1 Kg8 30. Rh4 Re6 31. Rf6 Rxf6 32. exf6 Qf7 33. Rxh6 Qxg6 34. Rxg6 Ne6 35. fxg7 Re7 36. Rh6 Nxg7 37. Rg6 Kh7 38. Rxg7+ Rxg7 39. Bxg7 Kxg7 40. c4 1-0

[Event "Brasschaat op 02nd"]
[Site "Brasschaat"]
[Date "2002.08.??"]
[Round "1"]
[White "De Weerd, Jan"]
[Black "Verbert, John"]
[Result "1-0"]
[WhiteElo "2092"]
[BlackElo "1768"]
[PlyCount "67"]
[EventDate "2002.08.??"]
[EventType "swiss"]
[EventRounds "7"]
[EventCountry "BEL"]
[SourceTitle "EXT 2005"]
[Source "ChessBase"]
[SourceDate "2004.11.15"]
[SourceVersion "1"]
[SourceVersionDate "2004.11.15"]
[SourceQuality "1"]

1. e4 d5 2. exd5 Qxd5 3. Nc3 Qa5 4. Nf3 Nf6 5. d4 c6 6. Ne5 e6 7. Qf3 Bd6 8. Nc4 Qc7 9. Nxd6+ Qxd6 10. Bf4 Qb4 11. 0-0-0 Nbd7 12. Bd3 a5 13. a3 Qe7 14. g4 Nb6 15. Be5 Nbd5 16. g5 Nxc3 17. gxf6 gxf6 18. Bxf6 Qf8 19. bxc3 Qxa3+ 20. Kd2 Rf8 21. Bxh7 Qd6 22. Bg7 b5 23. Bxf8 Kxf8 24. Qf6 Bb7 25. Rhg1 Ke8 26. Rg8+ Kd7 27. Qxf7+ Qe7 28. Qxe7+ Kxe7 29. Rg7+ Kd6 30. Rxb7 a4 31. Be4 a3 32. Rb6 a2 33. Rxc6+ Kd7 34. Rd6+ 1-0

[Event "Brasschaat op 02nd"]
[Site "Brasschaat"]
[Date "2002.08.??"]
[Round "7"]
[White "Erkens, Wil"]
[Black "Verbert, John"]
[Result "1/2-1/2"]
[WhiteElo "1493"]
[BlackElo "1768"]
[PlyCount "43"]
[EventDate "2002.08.??"]
[EventType "swiss"]
[EventRounds "7"]
[EventCountry "BEL"]
[SourceTitle "EXT 2005"]
[Source "ChessBase"]
[SourceDate "2004.11.15"]
[SourceVersion "1"]
[SourceVersionDate "2004.11.15"]
[SourceQuality "1"]

1. e4 d5 2. exd5 Qxd5 3. Nc3 Qa5 4. d4 c6 5. Bd2 Qd8 6. h3 Nf6 7. Nf3 e6 8. Be2 h6 9. Bf4 Nbd7 10. a4 Be7 11. Qd2 b5 12. Ne5 Nxe5 13. Bxe5 0-0 14. Bf3 Bb7 15. 0-0 Qb6 16. Qf4 Rad8 17. Rad1 Ne8 18. Rfe1 f6 19. Qh4 g5 20. Qxh6 fxe5 21. Qxe6+ Rf7 22. Bh5 1/2-1/2